| 000 | 00722nam a2200217 i 4500 | ||
|---|---|---|---|
| 001 | 140923 | ||
| 003 | ES-MaACL | ||
| 005 | 20231213062949.0 | ||
| 007 | t| | ||
| 008 | 070918s1973 sp ||||1| spa d | ||
| 080 | _a860(082.2) | ||
| 080 | _a860.09 | ||
| 100 | 1 |
_aYnduráin, Francisco, _d1910-1994 _9117648 |
|
| 245 | 1 | 0 |
_aLiteratura de España / _cFrancisco Ynduráin. |
| 260 |
_a[Madrid : _bEditora Nacional, _c1973] |
||
| 300 |
_a3 v. ; _c25 cm. |
||
| 505 | 8 | _aContiene: I: Edad Media, 477 p. -- II: Edad de oro, 670 p.-- III: Neoclasicismo y romanticismo, 473 p. | |
| 650 | 4 |
_aLiteratura española- _xHistoria y crítica _914560 |
|
| 852 |
_aES-MaACL _jC-53770-2 _bR.86609 |
||
| 999 |
_c140923 _d140923 |
||